|
|
|
|
| LEADER |
01002nam a2200205 a 4500 |
| 001 |
GR-MES16286 |
| 008 |
140319s2004 gr g b 001 0 gre|c |
| 020 |
|
|
|a 960418041X
|
| 040 |
|
|
|a GrPaTEI
|b gre
|c GR-PaULI
|
| 082 |
|
0 |
|a 629.89
|2 21
|
| 100 |
1 |
|
|a Κίνγκ, Ροβέρτος-Ερρίκος,
|d 1937-
|
| 245 |
1 |
0 |
|a Ευφυής έλεγχος /
|c Ροβέρτος-Ε. Κίνγκ.
|
| 260 |
|
|
|a Θεσσαλονίκη :
|b Τζιόλας,
|c 2004.
|
| 300 |
|
|
|a 156 σ. :
|b εικ. ;
|c 24 εκ.
|
| 504 |
|
|
|a Περιλαμβάνει βιβλιογραφικές παραπομπές (σ. 145-151) και ευρετήρια.
|
| 650 |
|
4 |
|a Προγραμματιζόμενοι λογικοί ελεγκτές
|
| 942 |
|
|
|2 ddc
|
| 952 |
|
|
|0 0
|1 0
|2 ddc
|4 0
|6 629_890000000000000_ΚΙΝ
|7 0
|9 274291
|a MSLG
|b MSLG
|c EUD
|d 2021-01-17
|e 24
|f 0
|g 0.00
|l 0
|o 629.89 ΚΙΝ
|p 2420000026020
|r 2021-01-17 00:00:00
|t 1
|v 2021.00
|w 2021-01-17
|y BK15
|x 20140319 0 ΧΑΣΑΝΗ 0
|x GrPaTEI
|
| 971 |
|
|
|a .b25823358
|b 19-06-20
|c 13-09-16
|
| 999 |
|
|
|c 158681
|d 158681
|